000 00571nam a2200181Ia 4500
008 151018s9999 xx 000 0 und d
082 _bRBASDV36659
_a891.462
100 _aगणेश हिर्लेकर
245 _aअन्यायदाता
250 _b1
260 _bनिंबकर आणि मं
_c1986
300 _a80
600 _aगणेश हिर्लेकर
630 _aअन्यायदाता
700 _aगणेश हिर्लेकर
730 _aअन्यायदाता
942 _cBOOK
999 _c1036106
_d1036103